00788nam a2200253 a 4500001001300000003000900013005001700022008004100039020002500080082001600105100001700121245007800138260003300216300000900249500003500258505004000293650001700333650004000350700001700390902000800407942000700415952009700422999001500519nice12345678IN_TiNIC20260116013125.0050524s1993 u sa grp 000 0 eng  a080066X c793.500a303.66bWIN aWink, Walter aEngaging the Powersb Disernment and Resistance in a World of Domination. aU S abFortress Press c1993 a424p aincludes index and biblioraphy2 aIndex of Passage and Index of Names aNon-Violence aPeace-Religious Aspect-Christianity1 aWink, Walter bSRC cBK 00114070aHMIbHMId2012-12-12g793.50l0o303.66 WINp019927r2012-12-12w2026-01-16yBK c9749d9749